| 000 | 00564nam a2200169Ia 4500 | ||
|---|---|---|---|
| 008 | 150610s9999 xx 000 0 und d | ||
| 020 | _a9710859374 | ||
| 050 |
_aHN711.Z4 _b.Z4 .Sa55 1997 |
||
| 100 | _aSanchez, Custodiosa A. | ||
| 245 |
_aContemporary social problems and issues / _cCustodiosa A. Sanchez, Fe B. Agpaoa. |
||
| 250 | _a3rd ed. | ||
| 260 |
_aMandaluyong City : _bNational Book Store, _c1997. |
||
| 300 |
_a286pages ; _c22 cm. |
||
| 504 | _aIncludes bibliographical references and index. | ||
| 520 | _aSocial problems. | ||
| 650 | _xSociology. | ||
| 999 |
_c288172 _d288172 |
||